Statistiques concernant France Quiz

Cliquez ici pour prendre le quiz!

Statistiques générales

  • Ce quiz a été pris 453 fois
    (412 depuis la dernière actualisation)
  • Le résultat moyen est 19 sur 22

Statistiques - réponses

AllusionRepondre% Correct
Blanc
100%
Couleurs sur le drapeau?Bleu
100%
Rouge
100%
Capitale et la plus grande ville?Paris
99%
Monnaie?Euro
98%
Langue officielle?Français
98%
Belgique
95%
Italie
95%
Espagne
94%
Suisse
94%
Hymne?La Marseillaise
93%
Allemagne
92%
Devise?Liberte, egalite, fraternite
90%
Luxembourg
90%
Nom de la tour à paris?Tour Eiffel
89%
La plus haute montagne?Mont Blanc
88%
Nom du célèbre tournoi de tennis?Roland Garros
83%
Pays frontaliers?Andorre
81%
Monaco
81%
Code d'appel?+33
60%
Rouler sur le.....?Droite
20%
Fuseau horaire?CET
11%

Distribution des résultats

Percentile par nombre de réponses

% des personnes avec chaque résultat

Votre développement - résultats

Vous n’avez pas pris ce quiz depuis la dernière actualisation